000 00464nam a22001817a 4500
003 MPLRDC
005 20220104190239.0
008 210129b ||||| |||| 00| 0 eng d
020 _a978-986-228-086-7
082 _a019 HPY
100 _a2.1/2 好朋友(WEN) 编著
245 _a学校没教的读书技巧
_c
250 _a初版
260 _a台湾
_b汉宇国际文化有限公司
_c2010
300 _b
650 _a读书法
942 _cBK
_o019 HPY
999 _c63696
_d63686